[Event "Arab-ch U18"]
[Site "Baghdad"]
[Date "2022.03.14"]
[Round "6"]
[White "Walid, Shebani"]
[Black "Mero, Aghiad"]
[Result "1/2-1/2"]
[WhiteElo "1745"]
[BlackElo "1534"]
[PlyCount "52"]
[EventDate "2022.03.10"]
[EventType "swiss"]
[EventRounds "9"]
[EventCountry "IRQ"]
[SourceTitle "EXT 2023"]
[Source "ChessBase"]
[SourceDate "2022.10.05"]
[SourceVersion "1"]
[SourceVersionDate "2022.10.05"]
[SourceQuality "1"]

1. d4 f5 2. c4 e6 3. Nf3 Nf6 4. Nc3 Be7 5. g3 0-0 6. Bg2 d6 7. 0-0 Ne4 8. Qc2 Nxc3 9. bxc3 Nc6 10. Rd1 Qe8 11. Rb1 e5 12. e3 Qh5 13. Rf1 Rf6 14. h3 g5 15. Nh2 g4 16. h4 e4 17. Re1 b6 18. Qa4 Bd7 19. Qb5 Rd8 20. Qa6 Bc8 21. Qb5 Qe8 22. Nf1 Na5 23. Qxe8+ Rxe8 24. Nd2 Ba6 25. Bf1 Rd8 26. Ba3 c5 1/2-1/2

[Event "Arab-ch U18"]
[Site "Baghdad"]
[Date "2022.03.10"]
[Round "1"]
[White "Mero, Aghiad"]
[Black "George Samir, David"]
[Result "1/2-1/2"]
[WhiteElo "1534"]
[BlackElo "2008"]
[PlyCount "91"]
[EventDate "2022.03.10"]
[EventType "swiss"]
[EventRounds "9"]
[EventCountry "IRQ"]
[SourceTitle "EXT 2023"]
[Source "ChessBase"]
[SourceDate "2022.10.05"]
[SourceVersion "1"]
[SourceVersionDate "2022.10.05"]
[SourceQuality "1"]

1. b3 e5 2. Bb2 Nc6 3. e3 Nf6 4. Bb5 d6 5. d4 Bd7 6. Nf3 e4 7. Nfd2 d5 8. a3 a6 9. Be2 Ne7 10. c4 c6 11. a4 a5 12. Ba3 Ng6 13. Bxf8 Nxf8 14. Qc1 Ng6 15. Qa3 Ne7 16. Nc3 0-0 17. Rc1 Ne8 18. 0-0 Nc7 19. cxd5 cxd5 20. f3 exf3 21. Nxf3 Nf5 22. Nd1 f6 23. Qc5 Bc6 24. Bd3 Nd6 25. Qc2 Ne4 26. Nd2 Nxd2 27. Qxd2 Qe7 28. Nf2 Ne6 29. Nh3 Rae8 30. Rce1 b6 31. Bxh7+ Kxh7 32. Qc2+ f5 33. Qxc6 Qd8 34. Nf4 Nxf4 35. Rxf4 Re4 36. Rxe4 fxe4 37. Qe6 Qg5 38. Qh3+ Kg6 39. Rc1 Rf6 40. Rc7 Rd6 41. Kf2 Rf6+ 42. Ke2 Rd6 43. Rc8 Rf6 44. Rh8 Kf7 45. Qh5+ Qxh5+ 46. Rxh5 1/2-1/2